00548 2200169 4500245004000000020001800040250001100058100001500069650002600084005001900110260004200129041001400171084001100185500013100196490004200327336000900369 aComputer SecuritycNurhasanahhText a0-8094-5670-2 aCet. 1 aNurhasanah aEnsiklopedia Komputer a20231031132147 bEnsiklopedia Nasional Indonesiac2012 aIndonesia a004.03 aDaftar Isi : Masyarakat Informasi yang Terkena Risiko, Menangkal Bahaya Fisik, Trojan Horse Dan Logic Bomb, Glosarium, Indeks. aSeri Informasi Komputer dan Teknologi atext